00416 a2200109 4500001001000000005001700010008004100027245008900068100002300157773010900180999001700289ART_1560420260410161735.0260409a 10aLiberalización del comercio exterior como determinante del crecimiento económico1 aWajchman, Mauricio0 tEjecutivos de finanzasgContratos laborales sin indemnización - Año 12, Nº 128 (ago. 1996)wREV2863 c18254d18254